[Event "VIE-ch (Women)"]
[Site "Hanoi"]
[Date "2024.03.11"]
[Round "1"]
[White "Le, Thanh Tu"]
[Black "Nguyen, Thi Khanh Van"]
[Result "1-0"]
[WhiteElo "2098"]
[BlackElo "1737"]
[PlyCount "81"]
[EventDate "2024.03.11"]
[EventType "swiss"]
[EventRounds "9"]
[EventCountry "VIE"]
[SourceTitle "CBM 219 Extra"]
[Source "ChessBase"]
[SourceDate "2024.05.31"]
[SourceVersion "1"]
[SourceVersionDate "2024.05.31"]
[SourceQuality "1"]

1. d4 e6 2. c4 f5 3. Nf3 Nf6 4. g3 d6 5. Bg2 Be7 6. 0-0 0-0 7. Nc3 Ne4 8. Nxe4 fxe4 9. Ne1 d5 10. f3 exf3 11. Nxf3 Nd7 12. Be3 Nf6 13. Ne5 Qe8 14. Qc2 c6 15. Rf2 Bd6 16. Raf1 Bxe5 17. dxe5 Nd7 18. Rxf8+ Nxf8 19. Bc5 Ng6 20. Qc1 b6 21. Bd6 Ba6 22. b3 Qd7 23. h4 Re8 24. Bh3 Nh8 25. Qa3 Bb7 26. Qxa7 Nf7 27. Qxb6 dxc4 28. bxc4 Nxd6 29. exd6 c5 30. Qxc5 Rc8 31. Qe5 Re8 32. c5 h6 33. Bg2 Bxg2 34. Kxg2 Qc6+ 35. Kh2 Qa4 36. a3 Qc6 37. Rf4 Qd7 38. Rg4 Qf7 39. Qxg7+ Qxg7 40. Rxg7+ Kxg7 41. c6 1-0

[Event "Eastern Asia-ch U16-18 Girls 7th"]
[Site "Hainan"]
[Date "2023.08.10"]
[Round "9"]
[White "Zhao, Yunqing"]
[Black "Nguyen, Thi Khanh Van"]
[Result "1-0"]
[WhiteElo "1792"]
[BlackElo "1710"]
[PlyCount "107"]
[EventDate "2023.08.04"]
[EventType "swiss"]
[EventRounds "9"]
[EventCountry "CHN"]
[SourceTitle "EXT 2024"]
[Source "ChessBase"]
[SourceDate "2023.10.10"]
[SourceVersion "1"]
[SourceVersionDate "2023.10.10"]
[SourceQuality "1"]

1. d4 e6 2. Nf3 f5 3. c4 Nf6 4. g3 Be7 5. Bg2 0-0 6. 0-0 d6 7. Nc3 Qe8 8. Re1 Qg6 9. Qc2 Nc6 10. d5 Ne5 11. dxe6 Bxe6 12. Nb5 Bd8 13. Nxe5 dxe5 14. Bxb7 Rb8 15. Bg2 Qh5 16. e3 Ng4 17. h3 Nh6 18. b3 f4 19. exf4 Bxh3 20. Rxe5 Nf5 21. Ba3 Bf6 22. Bxf8 Bxe5 23. fxe5 Rxf8 24. Qe4 Nh6 25. Qd5+ Kh8 26. e6 Qe2 27. Qc5 Rf5 28. Qe3 Qh5 29. Bxh3 Re5 30. Qf4 Kg8 31. Qh4 Qxh4 32. gxh4 Kf8 33. Rd1 g5 34. hxg5 Rxg5+ 35. Kf1 Ng8 36. Nxc7 Ne7 37. Nd5 Ng6 38. Re1 Ne7 39. Nxe7 Kxe7 40. f4 Rg3 41. Bg2 Rg4 42. Re4 h5 43. f5 Rg5 44. f6+ Ke8 45. f7+ Ke7 46. Rf4 Kxe6 47. f8Q Re5 48. Qf7+ Kd6 49. Rf6+ Kc5 50. Qxa7+ Kb4 51. Qd4 Re8 52. Rb6+ Ka3 53. Ra6+ Kb4 54. Ra4# 1-0

[Event "VIE-ch U17 Girls"]
[Site "Ho Chi Minh City"]
[Date "2022.07.14"]
[Round "5"]
[White "Nguyen, Thi Khanh Van"]
[Black "Luu, Ha Bich Ngoc"]
[Result "1-0"]
[WhiteElo "2079"]
[BlackElo "2081"]
[PlyCount "111"]
[EventDate "2022.07.11"]
[EventType "swiss"]
[EventRounds "9"]
[EventCountry "VIE"]
[SourceTitle "EXT 2023"]
[Source "ChessBase"]
[SourceDate "2022.10.05"]
[SourceVersion "1"]
[SourceVersionDate "2022.10.05"]
[SourceQuality "1"]

1. d4 d5 2. Nf3 Nf6 3. e3 c5 4. c3 e6 5. Bd3 Nc6 6. Nbd2 Bd6 7. 0-0 0-0 8. dxc5 Bxc5 9. Qe2 Qc7 10. e4 b6 11. e5 Ng4 12. Bxh7+ Kxh7 13. Ng5+ Kg8 14. Qxg4 Qxe5 15. Ndf3 Qf6 16. Qh4 Qg6 17. Re1 Re8 18. b4 Bd6 19. Bf4 Bxf4 20. Qxf4 f6 21. Qc7 Nd8 22. Nh3 e5 23. Re3 Qf7 24. Qxf7+ Nxf7 25. Nf4 Bb7 26. Ne2 Rac8 27. a4 Nd6 28. Nd2 Rc7 29. f4 Nf5 30. Rh3 exf4 31. Nxf4 Re3 32. Rxe3 Nxe3 33. Ne2 Kf7 34. Kf2 Ng4+ 35. Kg3 Ne5 36. Nb3 Rc4 37. Nbd4 a6 38. h3 Nc6 39. Nf5 Ke6 40. Nxg7+ Kf7 41. Nf5 Ke6 42. Ne3 Re4 43. Nf4+ Ke5 44. Nexd5 Nd8 45. Rd1 Ne6 46. Ng6+ Kf5 47. Nh4+ Kg5 48. Nf3+ Kg6 49. Ne7+ Kh5 50. Rd7 Ba8 51. Ra7 Ng5 52. Ng8 Re6 53. Rxa8 Ne4+ 54. Kf4 Nxc3 55. Kf5 Rd6 56. g4# 1-0

[Event "VIE-ch U17 Girls"]
[Site "Hanoi"]
[Date "2022.06.13"]
[Round "3"]
[White "Nguyen, Thi Khanh Van"]
[Black "Luu, Ha Bich Ngoc"]
[Result "1/2-1/2"]
[WhiteElo "2072"]
[BlackElo "2079"]
[PlyCount "148"]
[EventDate "2022.06.11"]
[EventType "swiss"]
[EventRounds "7"]
[EventCountry "VIE"]
[SourceTitle "EXT 2023"]
[Source "ChessBase"]
[SourceDate "2022.10.05"]
[SourceVersion "1"]
[SourceVersionDate "2022.10.05"]
[SourceQuality "1"]

1. d4 d5 2. Nf3 e6 3. e3 c5 4. c3 Nc6 5. Nbd2 Nf6 6. Bd3 Bd6 7. 0-0 0-0 8. Re1 e5 9. e4 cxd4 10. cxd4 Nb4 11. Bb1 dxe4 12. Nxe4 Nxe4 13. Bxe4 f5 14. Qb3+ Kh8 15. dxe5 fxe4 16. exd6 Nd3 17. Bg5 Qxd6 18. Rxe4 Nc5 19. Be7 Nxb3 20. Bxd6 Nxa1 21. Bxf8 Bf5 22. Rf4 Rxf8 23. Nd4 Rd8 24. g4 Bb1 25. Ne6 Re8 26. Nc7 Rg8 27. Nb5 g5 28. Rf7 Rd8 29. Nc3 Bg6 30. Rxb7 a6 31. Rb6 Bd3 32. Kg2 Nc2 33. Kg3 Nd4 34. h4 gxh4+ 35. Kxh4 Ne2 36. Nxe2 Bxe2 37. f4 Rd7 38. Rb4 Kg7 39. f5 Rf7 40. Re4 Bd3 41. Re3 Bb5 42. b3 Rb7 43. Re6 Bd3 44. Kg5 Rc7 45. Rd6 Bb5 46. f6+ Kf7 47. a4 Be2 48. Kf4 h6 49. Rd2 Bf1 50. g5 hxg5+ 51. Kxg5 Rc5+ 52. Kg4 Kxf6 53. Rf2+ Ke6 54. Rxf1 Re5 55. Rf3 Re1 56. Rd3 Rf1 57. Rf3 Re1 58. Kf4 Kd5 59. Rg3 Kc5 60. Rg8 Kb4 61. Rb8+ Ka5 62. Kf3 Re7 63. Rh8 Rb7 64. Rh5+ Kb4 65. Rh6 Kxb3 66. Rxa6 Kb4 67. a5 Ka4 68. Ra8 Kb5 69. a6 Rb6 70. a7 Rb7 71. Ke4 Ka5 72. Kd5 Kb6 73. Rb8 Kxa7 74. Rxb7+ Kxb7 1/2-1/2

[Event "VIE-ch (Women)"]
[Site "Tinh Bac Giang"]
[Date "2022.02.28"]
[Round "2"]
[White "Doan, Thi Van Anh"]
[Black "Nguyen, Thi Khanh Van"]
[Result "1-0"]
[WhiteElo "1988"]
[BlackElo "1482"]
[PlyCount "77"]
[EventDate "2022.02.28"]
[EventType "swiss"]
[EventRounds "9"]
[EventCountry "VIE"]
[SourceTitle "CBM 207 Extra"]
[Source "ChessBase"]
[SourceDate "2022.05.31"]
[SourceVersion "1"]
[SourceVersionDate "2022.05.31"]
[SourceQuality "1"]

1. d4 e6 2. Nf3 f5 3. Bf4 Nf6 4. e3 Be7 5. Bd3 0-0 6. Nbd2 d6 7. h3 Nc6 8. c3 Kh8 9. Qe2 a5 10. g4 Nd7 11. gxf5 e5 12. Bg3 exd4 13. Nxd4 Nc5 14. Bc2 Bf6 15. 0-0-0 a4 16. a3 Na5 17. e4 Re8 18. Kb1 Ncb3 19. N4xb3 axb3 20. Nxb3 Nxb3 21. Bxb3 Bxf5 22. f3 Qd7 23. Qc2 Be6 24. Bf2 Qb5 25. Bxe6 Rxe6 26. Rd5 c5 27. Kc1 Be5 28. Rhd1 h6 29. Be3 Rf8 30. f4 Bxf4 31. Bxf4 Rxf4 32. e5 Rxe5 33. Rxe5 Rf8 34. Red5 Qc4 35. Rxd6 Qf4+ 36. Qd2 Qf7 37. Rd8 c4 38. Rxf8+ Qxf8 39. Qd8 1-0

[Event "Hanoi (Women) op 12"]
[Site "Hanoi"]
[Date "2022.??.??"]
[Round "4"]
[White "Nguyen, Thi Khanh Van"]
[Black "Nguyen, Thuy Linh1"]
[Result "0-1"]
[WhiteElo "1584"]
[BlackElo "1393"]
[PlyCount "88"]
[EventDate "2022.12.11"]
[EventType "swiss"]
[EventRounds "9"]
[EventCountry "VIE"]
[SourceTitle "CBM 211 Extra"]
[Source "ChessBase"]
[SourceDate "2023.01.31"]
[SourceVersion "1"]
[SourceVersionDate "2023.01.31"]
[SourceQuality "1"]

1. d4 d5 2. Nf3 Nf6 3. Nbd2 Bf5 4. e3 e6 5. c4 c6 6. Qb3 Qb6 7. c5 Qc7 8. Qc3 Nbd7 9. b4 Ne4 10. Nxe4 Bxe4 11. Nd2 Bg6 12. Bb2 Be7 13. Be2 Bf6 14. 0-0 0-0 15. f4 b5 16. a4 a6 17. Ra2 Qb7 18. Rfa1 Be7 19. Bd3 Nf6 20. Bxg6 hxg6 21. axb5 axb5 22. Ra5 Rxa5 23. Rxa5 Bd8 24. Ra1 Ng4 25. h3 Nh6 26. g4 g5 27. Nf3 f5 28. fxg5 fxg4 29. Ne5 Bxg5 30. hxg4 Bf6 31. Ng6 Re8 32. e4 Qf7 33. Nf4 Bg5 34. Nh3 Qg6 35. Qg3 Bd2 36. Bc1 Qxe4 37. Bxd2 Qxd4+ 38. Nf2 Qxa1+ 39. Kg2 Rf8 40. Bc3 Qa2 41. Bd4 Qe2 42. Kh3 Rf3 43. Kg2 Rxg3+ 44. Kxg3 e5 0-1

[Event "Hanoi (Women) op 12"]
[Site "Hanoi"]
[Date "2022.??.??"]
[Round "8"]
[White "Tran, Thi Hong Ngoc"]
[Black "Nguyen, Thi Khanh Van"]
[Result "1-0"]
[WhiteElo "1960"]
[BlackElo "1584"]
[PlyCount "77"]
[EventDate "2022.12.11"]
[EventType "swiss"]
[EventRounds "9"]
[EventCountry "VIE"]
[SourceTitle "CBM 211 Extra"]
[Source "ChessBase"]
[SourceDate "2023.01.31"]
[SourceVersion "1"]
[SourceVersionDate "2023.01.31"]
[SourceQuality "1"]

1. d4 e6 2. c4 f5 3. g3 Nf6 4. Bg2 Bb4+ 5. Bd2 Bxd2+ 6. Nxd2 0-0 7. Ngf3 Nc6 8. 0-0 b6 9. Ne5 Bb7 10. Nxc6 Bxc6 11. f3 d5 12. e3 Qe7 13. Re1 Rad8 14. cxd5 Bxd5 15. Qc2 c5 16. dxc5 Rc8 17. Nb3 Bxb3 18. Qxb3 Rxc5 19. Rac1 Nd5 20. f4 Rd8 21. e4 fxe4 22. Bxe4 Qc7 23. Rxc5 Qxc5+ 24. Kg2 Nc7 25. Re2 Rd4 26. Qc2 Qxc2 27. Bxc2 g6 28. Bb3 Kf7 29. Rc2 Na6 30. Kf3 Kf6 31. Ke3 Rd6 32. Rc8 Rd7 33. Bc4 Nc7 34. Ke4 Nd5 35. Bxd5 exd5+ 36. Kd4 h6 37. h3 g5 38. Rc6+ Kf5 39. Rxh6 1-0

[Event "VIE Cup (Women)"]
[Site "Hanoi"]
[Date "2021.??.??"]
[Round "3"]
[White "Le, Phu Nguyen Thao"]
[Black "Nguyen, Thi Khanh Van"]
[Result "1-0"]
[WhiteElo "1940"]
[BlackElo "1482"]
[PlyCount "141"]
[EventDate "2021.05.03"]
[EventType "swiss"]
[EventRounds "9"]
[EventCountry "VIE"]
[SourceTitle "EXT 2022"]
[Source "ChessBase"]
[SourceDate "2021.10.06"]
[SourceVersion "1"]
[SourceVersionDate "2021.10.06"]
[SourceQuality "1"]

1. c4 e6 2. g3 f5 3. Bg2 Nf6 4. Nc3 Be7 5. d4 0-0 6. Nh3 d6 7. 0-0 Qe8 8. Nf4 c6 9. Nd3 Nbd7 10. d5 Nb6 11. dxc6 bxc6 12. b3 Bb7 13. Nf4 Qf7 14. a4 e5 15. Nh3 a5 16. Be3 Nfd7 17. Qd2 d5 18. cxd5 cxd5 19. Nb5 Nc5 20. Bxc5 Bxc5 21. Rac1 Rfc8 22. Ng5 Qf6 23. Nf3 Ba6 24. Qxa5 e4 25. Nd2 Bxb5 26. Qxb5 Bxf2+ 27. Kh1 Rxc1 28. Rxc1 Qh6 29. Rd1 Bxg3 30. Nf1 Bf2 31. Rxd5 Rf8 32. Rxf5 Qg6 33. Rxf8+ Kxf8 34. a5 Nc8 35. Qb8 Qf5 36. b4 h5 37. e3 g5 38. Qc7 Be1 39. Qd8+ Kf7 40. Qd1 Bxb4 41. Qb3+ Kg7 42. Qxb4 h4 43. Qd4+ Kf8 44. a6 h3 45. Qh8+ Ke7 46. Bxh3 Qf3+ 47. Bg2 Qf5 48. Qg7+ Kd8 49. Qd4+ Kc7 50. Qxe4 Qc5 51. Qb7+ Kd8 52. Qd5+ Qxd5 53. Bxd5 Ke7 54. Nd2 Kd6 55. e4 Na7 56. Kg2 Ke5 57. Nf3+ Kf6 58. Kg3 Nc8 59. Kg4 Ke7 60. Kxg5 Kd6 61. h4 Ke7 62. h5 Kf8 63. Ne5 Kg7 64. Nc6 Nb6 65. a7 Na8 66. Nd4 Nc7 67. Nb5 Na8 68. Bxa8 Kh7 69. Bd5 Kg7 70. a8Q Kh7 71. Qg8# 1-0

[Event "VIE-chT (Women)"]
[Site "Bac Giang"]
[Date "2020.06.06"]
[Round "1.8"]
[White "Nguyen, Thi Khanh Van"]
[Black "Phan, Dan Huyen"]
[Result "0-1"]
[WhiteElo "1482"]
[BlackElo "2043"]
[PlyCount "154"]
[EventDate "2020.06.06"]
[EventType "swiss"]
[EventRounds "9"]
[EventCountry "VIE"]
[SourceTitle "CBM 197 Extra"]
[Source "ChessBase"]
[SourceDate "2020.09.30"]
[SourceVersion "1"]
[SourceVersionDate "2020.09.30"]
[SourceQuality "1"]

1. d4 g6 2. c4 Bg7 3. Nc3 d6 4. Nf3 Nf6 5. Bg5 h6 6. Bh4 0-0 7. e4 Nc6 8. Be2 Bg4 9. 0-0 Bxf3 10. Bxf3 e5 11. d5 Ne7 12. Qd2 Nd7 13. Bg4 f5 14. exf5 gxf5 15. Be2 Nf6 16. f4 Ng6 17. Bg3 Qd7 18. Qc2 e4 19. Rad1 a6 20. b4 Rac8 21. c5 Kh7 22. c6 bxc6 23. Bxa6 Rb8 24. dxc6 Qxc6 25. b5 Qc5+ 26. Kh1 Ng4 27. Rc1 Ne3 28. Bf2 Bd4 29. Bxe3 Bxe3 30. Na4 Qxc2 31. Rxc2 Rf7 32. g3 Nf8 33. Nc3 Bc5 34. Nd5 Ne6 35. a4 Nd4 36. Rc4 Nf3 37. Rd1 e3 38. Rc2 Nd4 39. Rg2 e2 40. Re1 Bb6 41. Nxb6 cxb6 42. Rexe2 Nxe2 43. Rxe2 Kg7 44. Rc2 Rff8 45. Rc7+ Kf6 46. Rd7 Ke6 47. Rh7 Rh8 48. Rc7 h5 49. Bb7 h4 50. Kg2 hxg3 51. hxg3 Rhd8 52. Rh7 d5 53. Rh6+ Ke7 54. Bc6 d4 55. Bf3 d3 56. Bd1 Rh8 57. Rg6 Rhc8 58. Kf2 Kf7 59. Rd6 Rd8 60. Rc6 Rd4 61. Ke3 Rd7 62. g4 d2 63. gxf5 Re8+ 64. Kf2 Re1 65. Bh5+ Kg7 66. f6+ Kh7 67. f7 Rxf7 68. Rd6 Rxf4+ 69. Kg3 Rf5 70. Kg4 Rxh5 71. Rxd2 Rhe5 72. Rd7+ Kg6 73. Ra7 R1e4+ 74. Kf3 Rb4 75. a5 bxa5 76. Rxa5 Rexb5 77. Ra6+ Rb6 0-1

[Event "VIE-chB (Women)"]
[Site "Ba Dinh"]
[Date "2018.12.01"]
[Round "6"]
[White "Nguyen, Thi Khanh Van"]
[Black "Nguyen, Thi Thao Linh"]
[Result "0-1"]
[WhiteElo "1482"]
[BlackElo "1836"]
[PlyCount "94"]
[EventDate "2018.11.28"]
[EventType "swiss"]
[EventRounds "9"]
[EventCountry "VIE"]
[SourceTitle "EXT 2021"]
[Source "ChessBase"]
[SourceDate "2020.10.23"]
[SourceVersion "1"]
[SourceVersionDate "2020.10.23"]
[SourceQuality "1"]

1. d4 Nf6 2. Nf3 e6 3. e3 c5 4. c3 b6 5. Bd3 Bb7 6. 0-0 Be7 7. Nbd2 d5 8. Ne5 0-0 9. f4 Ne4 10. Qf3 f6 11. Ng4 f5 12. Ne5 c4 13. Bc2 Nd7 14. Qh3 Rf6 15. Qh5 Nxe5 16. dxe5 Rg6 17. Qe2 Nxd2 18. Qxd2 d4 19. Rf2 d3 20. Bd1 Bh4 21. Rf3 b5 22. b3 Rb8 23. Ba3 Bxf3 24. Bxf3 Be7 25. Bb2 Rh6 26. a4 a6 27. axb5 axb5 28. b4 g5 29. Ra5 Qb6 30. Kh1 g4 31. Bd1 Qb7 32. Ra1 g3 33. Bf3 Rxh2+ 34. Kg1 Qxf3 35. gxf3 Rxd2 36. Rb1 Ra8 37. Bc1 Rc2 38. e4 Raa2 39. Be3 Rg2+ 40. Kf1 Rh2 41. Kg1 Rag2+ 42. Kf1 Re2 43. Kg1 Rxe3 44. exf5 exf5 45. e6 d2 46. Ra1 Re1+ 47. Rxe1 dxe1Q# 0-1

[Event "VIE-chB (Women)"]
[Site "Ba Dinh"]
[Date "2018.11.30"]
[Round "4"]
[White "Nguyen, Thi Khanh Van"]
[Black "Nguyen, Minh Yen Nhi"]
[Result "1-0"]
[WhiteElo "1482"]
[BlackElo "1616"]
[PlyCount "50"]
[EventDate "2018.11.28"]
[EventType "swiss"]
[EventRounds "9"]
[EventCountry "VIE"]
[SourceTitle "EXT 2021"]
[Source "ChessBase"]
[SourceDate "2020.10.23"]
[SourceVersion "1"]
[SourceVersionDate "2020.10.23"]
[SourceQuality "1"]

1. d4 d5 2. Nf3 Nf6 3. Nbd2 Bf5 4. e3 e6 5. c4 Nbd7 6. Qb3 Rb8 7. Bd3 Bxd3 8. Qxd3 c6 9. 0-0 Bd6 10. Re1 0-0 11. e4 dxe4 12. Nxe4 Nxe4 13. Rxe4 Be7 14. Rg4 Bf6 15. Bh6 Kh8 16. Bf4 Rc8 17. h4 g6 18. Bh6 Bg7 19. Bxg7+ Kxg7 20. Re1 Qf6 21. Ng5 Rcd8 22. Ne4 Qe7 23. Ng3 Qf6 24. Nh5+ Kh8 25. Nxf6 Nxf6 1-0

[Event "VIE-chB (Women)"]
[Site "Ba Dinh"]
[Date "2018.11.28"]
[Round "2"]
[White "Nguyen, Thi Khanh Van"]
[Black "Mai, Thien Kim Ngoc Diep"]
[Result "0-1"]
[WhiteElo "1482"]
[BlackElo "1858"]
[PlyCount "86"]
[EventDate "2018.11.28"]
[EventType "swiss"]
[EventRounds "9"]
[EventCountry "VIE"]
[SourceTitle "EXT 2021"]
[Source "ChessBase"]
[SourceDate "2020.10.23"]
[SourceVersion "1"]
[SourceVersionDate "2020.10.23"]
[SourceQuality "1"]

1. d4 Nf6 2. c4 g6 3. Nf3 Bg7 4. e3 0-0 5. Bd3 d6 6. 0-0 Nbd7 7. Nbd2 Re8 8. b3 e5 9. Qc2 exd4 10. exd4 b6 11. Bb2 Bb7 12. Rfe1 d5 13. Rac1 Rxe1+ 14. Rxe1 c5 15. Ne5 Rc8 16. f4 cxd4 17. Bxd4 dxc4 18. bxc4 Nc5 19. Bxc5 Rxc5 20. Ndf3 Bxf3 21. Nxf3 Nd5 22. Qa4 Nc7 23. Be4 Ra5 24. Qb3 Ne6 25. g3 Qd6 26. Bd5 Ra3 27. Qc2 Nc7 28. Bb7 Qc5+ 29. Kh1 Qa5 30. Re2 h6 31. Be4 Qc5 32. Bd3 Ne6 33. Kg2 Rc3 34. Qb1 Qc6 35. Re3 Bd4 36. Re4 Bf6 37. Kf2 Nc5 38. Re3 Kg7 39. g4 Nxd3+ 40. Rxd3 Qe4 41. Ne1 Bh4+ 42. Rg3 Bxg3+ 43. hxg3 Qxb1 0-1

[Event "VIE Cup (Women)"]
[Site "Bac Giang"]
[Date "2018.06.02"]
[Round "5"]
[White "Tran, Thi Kim Lien"]
[Black "Nguyen, Thi Khanh Van"]
[Result "0-1"]
[WhiteElo "1775"]
[BlackElo "1482"]
[PlyCount "52"]
[EventDate "2018.05.30"]
[EventType "swiss"]
[EventRounds "9"]
[EventCountry "VIE"]
[SourceTitle "CBM 184 Extra"]
[Source "ChessBase"]
[SourceDate "2018.06.28"]
[SourceVersion "1"]
[SourceVersionDate "2018.06.28"]
[SourceQuality "1"]

1. e4 e6 2. d4 d5 3. e5 c5 4. Be3 Qb6 5. b3 Nc6 6. Nf3 Bd7 7. a3 a5 8. Nc3 cxd4 9. Nxd4 Nxe5 10. Nf3 Nxf3+ 11. Qxf3 d4 12. Rd1 dxe3 13. Qxe3 Qxe3+ 14. fxe3 Bc5 15. e4 Nf6 16. h3 Bc6 17. Bd3 0-0 18. a4 Bb4 19. Kd2 Bxe4 20. Rhg1 Bxd3 21. cxd3 Nd5 22. Rc1 Nxc3 23. Kc2 Ne2 24. g4 Rac8+ 25. Kb2 Ba3+ 26. Kxa3 Rxc1 0-1

[Event "VIE Cup (Women)"]
[Site "Bac Giang"]
[Date "2018.06.01"]
[Round "4"]
[White "Nguyen, Thi Khanh Van"]
[Black "Tran, Nhat Phuong"]
[Result "0-1"]
[WhiteElo "1482"]
[BlackElo "1637"]
[PlyCount "74"]
[EventDate "2018.05.30"]
[EventType "swiss"]
[EventRounds "9"]
[EventCountry "VIE"]
[SourceTitle "CBM 184 Extra"]
[Source "ChessBase"]
[SourceDate "2018.06.28"]
[SourceVersion "1"]
[SourceVersionDate "2018.06.28"]
[SourceQuality "1"]

1. d4 d5 2. Nf3 Nf6 3. e3 Bf5 4. c4 e6 5. Nbd2 c6 6. Be2 Bd6 7. 0-0 Nbd7 8. c5 Bc7 9. Qb3 Qb8 10. Re1 0-0 11. Qc3 e5 12. dxe5 Nxe5 13. Nd4 Bg6 14. b3 Neg4 15. f4 Re8 16. Bxg4 Nxg4 17. Bb2 f6 18. N2f3 Be4 19. Ng5 Be5 20. fxe5 fxg5 21. h3 Nxe5 22. b4 Qc7 23. Rf1 Nd3 24. Ba3 Bg6 25. Nf5 Bxf5 26. Rxf5 Rxe3 27. Rxg5 Rae8 28. Rf1 Nf4 29. Qf6 Nxh3+ 30. gxh3 Rg3+ 31. Kf2 Rxg5 32. Qxg5 Qh2+ 33. Kf3 Qe2+ 34. Kg3 Qxf1 35. Kh4 Re4+ 36. Kh5 Qxh3+ 37. Qh4 Qxh4# 0-1

[Event "VIE-ch U09 Girls"]
[Site "Ho Chi Minh City"]
[Date "2014.07.17"]
[Round "8"]
[White "Luong, Hoang Tu Linh"]
[Black "Nguyen, Thi Khanh Van"]
[Result "0-1"]
[WhiteElo "1581"]
[BlackElo "1548"]
[PlyCount "120"]
[EventDate "2014.07.13"]
[EventType "swiss"]
[EventRounds "9"]
[EventCountry "VIE"]
[SourceTitle "EXT 2016"]
[Source "ChessBase"]
[SourceDate "2015.10.08"]
[SourceVersion "1"]
[SourceVersionDate "2015.10.08"]
[SourceQuality "1"]

1. d4 d5 2. c4 c6 3. Nc3 Nf6 4. Nf3 Bf5 5. e3 e6 6. Be2 Nbd7 7. 0-0 Be7 8. b3 Bb4 9. Bd2 0-0 10. Nxd5 Nxd5 11. cxd5 Bxd2 12. Qxd2 cxd5 13. Bd3 Bg4 14. Be2 Qf6 15. h3 Bf5 16. Bd3 Bxh3 17. gxh3 Qxf3 18. Kh2 Nf6 19. Qe2 Qxe2 20. Bxe2 Rac8 21. Rac1 Ne4 22. Bd3 Nxf2 23. Bb5 Ne4 24. Bd3 Rxc1 25. Rxc1 Nf2 26. Bb5 Ne4 27. Rc7 Nd6 28. Bd3 Rd8 29. Kg3 Kf8 30. Bxh7 g6 31. Kf4 Kg7 32. Bxg6 Kxg6 33. Kg4 Rb8 34. h4 Nf5 35. h5+ Kf6 36. Kf4 Nd6 37. Kg4 Rc8 38. Rxc8 Nxc8 39. Kf4 Nd6 40. Kg4 Ne4 41. Kf4 Kg7 42. Kg4 Kh6 43. Kh4 Nf6 44. Kg3 Kxh5 45. a3 Ne4+ 46. Kf4 Nd2 47. b4 b5 48. Ke5 Nc4+ 49. Kf6 Nxa3 50. Kxf7 Nc2 51. Kxe6 Nxb4 52. Kd6 a6 53. Kc5 Nc2 54. Kxd5 Nxe3+ 55. Kc5 Kg5 56. d5 Kf5 57. d6 Ke6 58. Kc6 Nc4 59. d7 Ne5+ 60. Kb6 Kxd7 0-1

[Event "VIE-ch U09 Girls"]
[Site "Ho Chi Minh City"]
[Date "2014.07.15"]
[Round "5"]
[White "Nguyen, Thi Khanh Van"]
[Black "Nguyen, Thi Ngoc Khanh"]
[Result "1-0"]
[WhiteElo "1548"]
[BlackElo "1583"]
[PlyCount "77"]
[EventDate "2014.07.13"]
[EventType "swiss"]
[EventRounds "9"]
[EventCountry "VIE"]
[SourceTitle "EXT 2016"]
[Source "ChessBase"]
[SourceDate "2015.10.08"]
[SourceVersion "1"]
[SourceVersionDate "2015.10.08"]
[SourceQuality "1"]

1. e4 e5 2. Nf3 Nc6 3. Bb5 d6 4. 0-0 Bd7 5. Nc3 Nf6 6. d3 Be7 7. h3 h6 8. Be3 0-0 9. d4 exd4 10. Nxd4 Nxd4 11. Qxd4 Bxb5 12. Nxb5 a6 13. Nc3 Re8 14. Bd2 c6 15. Qe3 d5 16. exd5 cxd5 17. Qg3 Qd6 18. Bf4 Nh5 19. Bxd6 Nxg3 20. Bxg3 d4 21. Nd5 Rad8 22. Nc7 Rf8 23. Rfe1 Bf6 24. Rad1 d3 25. c3 Rd7 26. Re4 Rfd8 27. Rb4 Re7 28. f3 Be5 29. Bxe5 Rxe5 30. Re4 Rc5 31. Re8+ Rxe8 32. Nxe8 Rb5 33. b4 a5 34. a3 axb4 35. axb4 Rd5 36. Nc7 Rd7 37. Nb5 d2 38. Na3 Rd3 39. Nb1 1-0